Sports Quiz

Random Sports or NHL Quiz

NHL Playoff Points Leaders (All-Time) Quiz Stats

 Plays Quiz Updated Jun 15, 2019

Score 0/29 Timer 05:00
4 Plays Today
Points Name % Correct
382Wayne Gretzky
97.5%
295Mark Messier
80.8%
158Claude Lemieux
79.8%
172Mario Lemieux
79.8%
186Sidney Crosby
79.1%
201Jaromir Jagr
73.1%
190Brett Hull
70.7%
185Steve Yzerman
70.6%
160Gordie Howe
68.6%
233Jari Kurri
62.4%
188Joe Sakic
59.9%
160Mike Bossy
58.4%
168Evgeni Malkin
56.3%
196Paul Coffey
55.6%
171Peter Forsberg
49.8%
Points Name % Correct
184Bryan Trottier
49.4%
214Glenn Anderson
44.5%
180Raymond Bourque
43.3%
183Nicklas Lidstrom
42.5%
176Sergei Fedorov
41.3%
164Denis Potvin
35.6%
176Jean Beliveau
33.8%
150Stan Mikita
31.3%
156Adam Oates
28.9%
188Doug Gilmour
28%
175Denis Savard
25.5%
160Bobby Smith
21.7%
160Al MacInnis
19.9%
152Larry Murphy
14.3%

You're not logged in!

Compare scores with friends on all Sporcle quizzes.
OR
Log In

Sporcle TV

Today on Sporcle TV


Watch our educational content, quiz creation guides, and fun videos on Sporcle TV.

Show Comments

Extras

Top Quizzes Today


Score Distribution

Your Account Isn't Verified!

In order to create a playlist on Sporcle, you need to verify the email address you used during registration. Go to your Sporcle Settings to finish the process.

Report this User

Report this user for behavior that violates our Community Guidelines.

Details: